| 000 | 00779nam a2200205 a 4500 | ||
|---|---|---|---|
| 005 | 20250111063803.0 | ||
| 008 | 991125s1998 mx 000 0 spa u | ||
| 035 | _aUPN01000008895 | ||
| 049 | _aTES | ||
| 099 | _a13797 | ||
| 100 | 1 | _aAnaya Acuña, Mónica María | |
| 245 | 1 | 0 |
_aCómo aprenden los niños de tercer grado a proteger el medio ambiente / _cMónica María Anaya Acuña. |
| 260 |
_aGuadalajara : _bM. M. Anaya Acuña, _c1998. |
||
| 300 |
_a101 h. : _bfotos |
||
| 500 | _a"Unidad 141" | ||
| 502 | _aPropuesta pedagógica (Lic. en Educación Primaria) -- Universidad Pedagógica Nacional, 1998 | ||
| 650 | 4 |
_aEducación ambiental _xEstudio y enseñanza (Elemental) _99202 |
|
| 710 | 2 |
_aUniversidad Pedagógica Nacional (México). _bUnidad 141 _928429 |
|
| 905 | _aTesis | ||
| 999 |
_c8895 _d8895 |
||